| 000 | 00575nam a22001937a 4500 | ||
|---|---|---|---|
| 005 | 20140805112456.0 | ||
| 010 | _aENG-110014 | ||
| 020 |
_c120.00 _a9381588287 |
||
| 020 |
_c120.00 _a9789381588284 |
||
| 035 | _aEN-93547 | ||
| 037 | _bDBAD/PUB | ||
| 082 | _a153.8 | ||
| 100 | _aGanguli, Nivedita | ||
| 245 | 0 | 0 |
_aChanging perspective : _cby Nivedita Ganguli _bchanging life / |
| 260 |
_aNew Delhi _bV & S Publishers _c2012 |
||
| 270 |
_aF-2/16, Ansari Road, Daryaganj _bNew Delhi _e110002 |
||
| 300 |
_a106p. _c22cm(pbk) |
||
| 942 |
_2ddc _cEN _mGAN _h153.8 |
||
| 999 |
_c84272 _d84272 |
||